Biblioteca y Centro de Documentación

Guía de buenas prácticas para la implantación de acciones positivas en las empresas (Registro nro. 10698)

Detalles MARC
000 -CABECERA
Longitud fija campo de control 01717nam a2200409 c 4500
001 - NÚMERO DE CONTROL
Número de control 10698
003 - IDENTIFICADOR DE NÚMERO DE CONTROL
Identificador del número de control ES-MaCES
005 - FECHA Y HORA DE LA ÚLTIMA TRANSACCIÓN
Fecha y hora de la última transacción 20250121040008.0
008 - CAMPO FIJO DE DESCRIPCIÓN FIJA--INFORMACIÓN GENERAL
Códigos de información de longitud fija   000622s2000 sp f o000 | spa d
017 ## - NÚMERO DE REGISTRO DE DERECHOS DE AUTOR Y DEPÓSITO LEGAL
Número de copyright o de depósito legal M 2983-2000
Agencia que asigna el número DL
024 7# - OTROS IDENTIFICADORES
Número normalizado o código 207-99-103-5
Fuente del número o código nipo
035 ## - NÚMERO DE CONTROL DEL SISTEMA
Número de control del sistema CES20000007535m
040 ## - FUENTE DE CATALOGACIÓN
Centro catalogador de origen ES-MaCES
Lengua de catalogación spa
Centro transcriptor ES-MaCES
245 00 - MENCIÓN DE TÍTULO
Título Guía de buenas prácticas para la implantación de acciones positivas en las empresas
Mención de responsabilidad, etc. cofinanciado por el Fondo Social Europeo
260 ## - PUBLICACIÓN, DISTRIBUCIÓN, ETC (PIE DE IMPRENTA)
Lugar de publicación, distribución, etc. [Madrid]
Nombre del editor, distribuidor, etc. Instituto de la Mujer
Fecha de publicación, distribución, etc. [2000]
300 ## - DESCRIPCIÓN FÍSICA
Extensión 70 p.
Dimensiones 21x23 cm
500 ## - NOTA GENERAL
Nota general Esta guía se edita dentro del Programa Óptima: una nueva gestión de los recursos humanos, que surge en 1995, en el marco de la Iniciativa Comunitaria Empleo y Desarrollo de los Recursos Humanos, capítulo NOW y que promueve el Instituto de la Mujer en colaboración con la Confederación Sindical de Comisiones Obreras
541 ## - NOTA DE LA FUENTE INMEDIANTE DE ADQUISICIÓN
Forma de adquisición Gratuito
650 #4 - ASIENTO SECUNDARIO DE MATERIA--TÉRMINO DE MATERIA
Término de materia o nombre geográfico como elemento inicial mujeres
9 (RLIN) 28657
650 #4 - ASIENTO SECUNDARIO DE MATERIA--TÉRMINO DE MATERIA
Término de materia o nombre geográfico como elemento inicial trabajadora
9 (RLIN) 28413
650 #4 - ASIENTO SECUNDARIO DE MATERIA--TÉRMINO DE MATERIA
Término de materia o nombre geográfico como elemento inicial discriminación por razones de sexo
9 (RLIN) 29521
650 #4 - ASIENTO SECUNDARIO DE MATERIA--TÉRMINO DE MATERIA
Término de materia o nombre geográfico como elemento inicial igualdad de oportunidades
9 (RLIN) 27183
650 #4 - ASIENTO SECUNDARIO DE MATERIA--TÉRMINO DE MATERIA
Término de materia o nombre geográfico como elemento inicial igualdad de oportunidades en el empleo
9 (RLIN) 30649
650 #4 - ASIENTO SECUNDARIO DE MATERIA--TÉRMINO DE MATERIA
Término de materia o nombre geográfico como elemento inicial proceso afirmativo
9 (RLIN) 29856
650 #4 - ASIENTO SECUNDARIO DE MATERIA--TÉRMINO DE MATERIA
Término de materia o nombre geográfico como elemento inicial España
9 (RLIN) 26964
650 #4 - ASIENTO SECUNDARIO DE MATERIA--TÉRMINO DE MATERIA
Término de materia o nombre geográfico como elemento inicial repertorio de recomendaciones prácticas
9 (RLIN) 29261
650 #4 - ASIENTO SECUNDARIO DE MATERIA--TÉRMINO DE MATERIA
Término de materia o nombre geográfico como elemento inicial guía
9 (RLIN) 29262
653 10 - TÉRMINO DE INDEXACIÓN--NO CONTROLADO
Término no controlado Mujer
650 #4 - ASIENTO SECUNDARIO DE MATERIA--TÉRMINO DE MATERIA
9 (RLIN) 28178
Término de materia o nombre geográfico como elemento inicial empresa
710 2# - ENCABEZAMIENTO SECUNDARIO--NOMBRE CORPORATIVO
Nombre de entidad o nombre de jurisdicción como elemento inicial Fondo Social Europeo
Término indicativo de función col.
9 (RLIN) 3639
710 2# - ENCABEZAMIENTO SECUNDARIO--NOMBRE CORPORATIVO
Nombre de entidad o nombre de jurisdicción como elemento inicial Comisiones Obreras
Unidad subordinada Secretaría Confederal de la Mujer
Término indicativo de función col.
9 (RLIN) 2140
710 2# - ENCABEZAMIENTO SECUNDARIO--NOMBRE CORPORATIVO
Nombre de entidad o nombre de jurisdicción como elemento inicial Instituto de la Mujer (España)
Término indicativo de función ed.
9 (RLIN) 4190
730 0# - ENCABEZAMIENTO SECUNDARIO--TÍTULO UNIFORME
Título uniforme Programa Óptima
Fecha de la firma de un tratado 1995
9 (RLIN) 33451
902 ## - CES. TIPO DE DOCUMENTO
Tipodoc (006$c Sirtex) LIB Libro
942 ## - ELEMENTOS KOHA
Fuente de clasificaión o esquema Clasificación propia del CES
Koha [por defecto] tipo de item Monografías
Parte de clasificación 3.3.
Existencias
Número de registro Signatura completa Tipo de item de Koha
037101 DPT-11952 Monografías
© CES, Consejo Económico y Social de España 2021